Представление документа в формате RUSMARC

ПолеНазваниеЗначение
  Тип записи a
  Библиографический уровень m
001 Контрольный номер RU/CBS_UL/BASE/6feaa2846f6740fdaa0c5989cc5d653d
005 Дата корректировки 20251016092922.9
010 Индекс ISBN __
d Цена 61 р. 00 к.
9 Тираж экз.
a ISBN
b Уточнения в пер.
100 Данные общей обработки __
a Данные общей обработки 20130815d2013 ||| 0rusy0189 ca
101 Язык документа 0_
a Язык текста rus
102 Страна публикации __
a Страна публикации RU
105 Кодированные данные (монография) __
a Кодированные данные (монография) y###||||000|y
181 Поле кодированных данных: вид содержания _1
a Код вида содержания (ISBD) i#
b Код характеристики содержания (ISBD) #xxe##
d i
g x
h x
i e
182 Поле кодированных данных: тип средства _1
a Код типа средства (ISBD) n
2 Код системы (источник кода, отличный от ISBD) isbdmedia
200 Заглавие и сведения об ответственности 1_
a Заглавие Поэзия. Проза. Поэмы. Сказки
f Первые сведения об ответственности А. С. Пушкин
210 Выходные данные 1_
a Место издания Москва
c Издательство АСТ
d Дата издания 2004
215 Физическое описание __
a Объем 366 с.
d Формат см.
225 Серия 2_
a Серия Мировая классика
300 Общие примечания __
a Общие примечания 12+
300 Общие примечания __
a Общие примечания Под инв. номером 99074: 8-2, 28-1
606 Тематические рубрики 0_
a Основная рубрика Русская литература, 19 в.
610 Ключевые слова 0_
a Ключевые слова классика русская
a Ключевые слова стихи лирические
a Ключевые слова произведения школьной программы
a Ключевые слова красота русской природы
a Ключевые слова сказки; проза; поэмы
686 Индексы других классификаций __
a Классификационный индекс 84(2Рос=Рус)1
2 Код системы ББК
700 Автор _0
a Фамилия Пушкин
b Имя (инициалы) А. С.
g Полное личное имя Александр Сергеевич
801 Источник записи _0
a Страна RU
b Организация МБУК ЦБС г. Ульяновска
c Дата составления 20130815
g Правила каталогизации RCR
801 Источник записи _1
a Страна RU
b Организация МБУК ЦБС г. Ульяновска
c Дата составления 20130815
g Правила каталогизации RCR
852 Данные о местонахождении __
i Авторский знак П 91
j Шифр хранения Р1
901 Тип документа __
t Тип документа m